MARC

LEADER 00000nam0a2200000 4500
001 310622
005 20231102002315.0
020 |a RU  |b 82-19050 
035 |a (RuTPU)RU\TPU\book\335972 
090 |a 310622 
100 |a 20151126d1982 k y0rusy5003 ca 
101 0 |a rus 
102 |a RU 
105 |a a z 001zy 
200 1 |a Радиоизотопная автоматика в кузнечно-штамповочном производстве  |f А. Э. Артес 
210 |a Москва  |c Энергоиздат  |d 1982 
215 |a 48 с.  |c ил. 
225 1 |a Библиотека по автоматике  |v Вып. 624 
320 |a Библиогр.: с. 47 
606 |a Кузнечное производство  |x Автоматизация и механизация  |2 stltpush  |3 (RuTPU)RU\TPU\subj\16597  |9 42555 
610 1 |a средства 
610 1 |a контроль 
610 1 |a радиоизотопные датчики 
610 1 |a устройства 
610 1 |a эффективность 
610 1 |a безопасность 
675 |a 621.735.042  |v 3 
700 1 |a Артес  |b А. Э.  |g Алексей Эдуардович 
801 0 |a RU  |b RuMRKP  |c 19950704  |g psbo 
801 1 |a RU  |b 63413507  |c 20151126 
801 2 |a RU  |b 63413507  |c 20180920  |g RCR 
942 |c BK